000 00249nam a22000857a 4500
008 160630b xxu||||| |||| 00| 0 eng d
100 _91597
_a Aggarwal, M.L
245 _aHints and Solutions Mathematics - XII
260 _aNew Delhi
_bArya Publication
_c2005
999 _c1324
_d1324